000 01238nam a2200313 c 4500
999 _c187642
_d187642
003 BLK
005 20240129130713.0
008 180411b bul|||||r ||||||| ||bul||
040 _aBLK
041 _aBUL
_cBUL
080 _aЕксплоатация на водния транспорт
_b656.6
_z656.6
100 1 _aСкрягин, Лев Николаевич
_eпърви автор
_9121057
139 _aСкрягин, Лев Николаевич
_bС 40
245 1 0 _aПо следите на морските катастрофи
_cЛев Николаевич Скрягин; прев. от рус. Елка Петрова Хаджиева.
257 _aRUS
260 _bДърж. изд.
_c1964
_aВарна
300 _a271 с. с ил. 1 л. прил.
_c21 см
380 _a62
490 _aМорета, брегове и хора
_9206434
650 7 _aМорски пътешествия
_2
_9168588
700 1 _aХаджиева, Елка Петрова
_eпрев. от рус.
_9377718
852 _aЦб 31365
856 4 _qpdf
856 4 _qpdf
942 _cKNG
_n0
_s1
944 _aCR
_c22.11.2016
_k30560
_lГеновева Генчева
944 _aED
_c22.11.2016
_kГрета_Цуфелде
999 _d187642